|
|
|
|
| LEADER |
00000cam a2200000 4500 |
| 001 |
vtls011918455 |
| 003 |
SK-MaSNL |
| 005 |
20260301225358.0 |
| 008 |
220509s2019 xo kd frnp 000 0 slo |
| 015 |
|
|
|a SNBA2021/02
|
| 020 |
|
|
|a 9788022346634
|q (brožované)
|
| 035 |
|
|
|a urn:nbn:sk:snk-am00geo0
|
| 035 |
|
|
|a urn:nbn:sk:snk-am3j6iq
|
| 035 |
|
|
|a 028872C5-2889-48EB-86D1-6E3D0D42B616
|
| 040 |
|
|
|a SNK
|b slo
|c SNK
|e rda
|
| 041 |
0 |
|
|a slo
|
| 044 |
|
|
|a xo
|c SK
|
| 072 |
|
7 |
|a 81
|x Lingvistika. Jazyky
|2 konspekt
|
| 080 |
|
|
|a 81'322.2
|2 2011
|
| 080 |
|
|
|a 81'25
|2 2011
|
| 080 |
|
|
|a 81`24
|2 2011
|
| 080 |
|
|
|a 004.738.52:004.77
|2 2011
|
| 080 |
|
|
|a (075)
|2 2011
|
| 100 |
1 |
|
|a Benko, Vladimír,
|d 1954-
|4 aut
|9 213840
|
| 245 |
1 |
0 |
|a Webové korpusy Aranea
|b učebnica pre učiteľov cudzích jazykov, prekladateľov, tlmočníkov, filológov a študentov filologických odborov
|c Vladimír Benko, Anna Butašová, Mária Lalinská, Mária Paľová, Zuzana Puchovská, Arnaud Segretain, Mariana Zeleňáková
|
| 250 |
|
|
|a 1. vydanie
|
| 264 |
|
1 |
|a Bratislava
|b Univerzita Komenského v Bratislave
|c 2019
|
| 300 |
|
|
|a 181 strán
|b grafy
|c 29 cm
|
| 336 |
|
|
|a text
|b txt
|2 rdacontent
|
| 337 |
|
|
|a bez média
|b n
|2 rdamedia
|
| 338 |
|
|
|a zväzok
|b nc
|2 rdacarrier
|
| 504 |
|
|
|a Bibliografia na strane 179-181
|
| 650 |
0 |
7 |
|a korpusová lingvistika
|2 SNKPH
|9 17685
|
| 650 |
0 |
7 |
|a Corpus linguistics
|2 SNKPHeng
|9 329843
|
| 650 |
0 |
7 |
|a prekladateľstvo
|2 SNKPH
|9 3499
|
| 650 |
0 |
7 |
|a Translating
|2 SNKPHeng
|9 266002
|
| 650 |
0 |
7 |
|a vyučovanie jazykov
|2 SNKPH
|9 31418
|
| 650 |
0 |
7 |
|a Language teaching and learning
|2 SNKPHeng
|9 267180
|
| 650 |
0 |
7 |
|a webové aplikácie
|2 SNKPH
|9 70322
|
| 650 |
0 |
7 |
|a Web applications
|2 SNKPHeng
|9 414005
|
| 655 |
|
7 |
|a učebnice
|2 SNKPH
|9 22521
|
| 655 |
|
7 |
|a Textbooks
|2 SNKPHeng
|9 276731
|
| 700 |
1 |
|
|a Butašová, Anna,
|d 1955-2021
|4 aut
|9 242065
|
| 700 |
1 |
|
|a Horníčková, Mária,
|d 1981-
|4 aut
|9 247846
|
| 700 |
1 |
|
|a Paľová, Mária,
|d 1957-
|4 aut
|9 219336
|
| 700 |
1 |
|
|a Puchovská, Zuzana,
|d 1979-
|4 aut
|9 258938
|
| 700 |
1 |
|
|a Segretain, Arnaud
|4 aut
|9 502430
|
| 700 |
1 |
|
|a Zeleňáková, Mariana
|4 aut
|9 438027
|
| 919 |
|
|
|a 978-80-223-4663-4
|
| 958 |
|
|
|a NB
|
| 958 |
|
|
|a UC
|
| 999 |
|
|
|c 950672
|d 952602
|
| 952 |
|
|
|a SNK
|b SNK
|y PREZ
|7 0
|p 17A1429780
|o snkSB 95787
|i snk2020/14444
|8 0
|0 0
|1 0
|4 0
|d 2020-08-17
|f 1
|l 0
|r 2025-05-19 00:00:00
|w 2026-02-24
|
| 952 |
|
|
|a SNK
|b SNK
|y VYP
|7 0
|p 17A1429781
|o snkSB 95787 D1
|i snk2020/14445
|8 0
|0 0
|1 0
|4 0
|d 2020-08-17
|l 0
|r 2026-02-24 09:47:13
|w 2026-02-24
|